UITU Library & LRC     

Goodwill's Dictionary of Management (Record no. 14188)

MARC details
000 -LEADER
fixed length control field 00471nam a2200181Ia 4500
008 - FIXED-LENGTH DATA ELEMENTS--GENERAL INFORMATION
fixed length control field 240925s9999 xx 000 0 und d
020 ## - INTERNATIONAL STANDARD BOOK NUMBER
International Standard Book Number 9788172455293
082 ## - DEWEY DECIMAL CLASSIFICATION NUMBER
Classification number 650.03 WIL
100 ## - MAIN ENTRY--PERSONAL NAME
Personal name Wilson, Jennifer
245 #0 - TITLE STATEMENT
Title Goodwill's Dictionary of Management
250 ## - EDITION STATEMENT
Edition statement NA
260 ## - PUBLICATION, DISTRIBUTION, ETC.
Place of publication, distribution, etc. New Delhi:
Name of publisher, distributor, etc. Goodwill Publishing House
Date of publication, distribution, etc. NA
300 ## - PHYSICAL DESCRIPTION
Extent 269p.
Other physical details 0
Type of unit Original
500 ## - GENERAL NOTE
General note Includes Index
600 ## - SUBJECT ADDED ENTRY--PERSONAL NAME
Personal name Social Sciences
650 ## - SUBJECT ADDED ENTRY--TOPICAL TERM
Topical term or geographic name entry element Management
942 ## - ADDED ENTRY ELEMENTS (KOHA)
Koha item type Books
Holdings
Withdrawn status Lost status Damaged status Not for loan Collection Home library Current library Date acquired Source of acquisition Cost, normal purchase price Total checkouts Full call number Barcode Date last seen Price effective from Koha item type
        Social Sciences UITU Library UITU Library 05/25/2018 Paramount Book Pvt Ltd 5264.27   650.03 WIL Q11689 09/25/2024 09/25/2024 Books

Powered by Koha